BIBLIOTECA

SENCICO

Enciclopedia sobre estructuras metálicas / (Registro nro. 9763)

Detalles MARC
000 -LEADER
Campo de control de longitud fija 01128nam a22002777a 4500
003 - IDENTIFICADOR DEL NÚMERO DE CONTROL
Campo de control PE SENCICO BE
005 - FECHA Y HORA DE LA ÚLTIMA TRANSACCIÓN
Campo de control 20260224191357.0
008 - ELEMENTOS DE LONGITUD FIJA - INFORMACIÓN GENERAL
Campo de control de longitud fija 251113b |||||||| |||| 00| 0 eng d
017 ## - NÚMERO DEL REGISTRO DE DERECHOS DE AUTOR O DEL DEPÓSITO LEGAL
Fuente D. L. : 1501012004-6077
040 ## - FUENTE DE CATALOGACIÓN
Origen de catalogación PE SENCICO BE
Agencia que realiza la transcripción PE SENCICO BE
041 ## - CÓDIGO DE IDIOMA
Idioma del texto spa
082 ## - NÚMERO DE CLASIFICACIÓN DECIMAL DEWEY
Código de Clasificación Dewey R 624.182
Notación Interna U16
100 1# - ASIENTO PRINCIPAL--NOMBRE PERSONAL
Autor Personal Uchuya Reyes, Héctor
9 (RLIN) 42
Término relacionado autor
245 1# - MENCIÓN DEL TITULO
Título Enciclopedia sobre estructuras metálicas /
Mención de responsabilidad Héctor Uchuya Reyes
250 ## - MENCIÓN DE EDICIÓN
Edición 2a ed.
260 ## - PUBLICACIÓN, DISTRIBUCIÓN, ETC. (PIE DE IMPRENTA)
Lugar de publicación, distribución, etc. Lima :
Nombre de la Editorial, Distribuidor, etc. Publicaciones HEUR,
Fecha de publicación, distribución, etc. sin año
300 ## - DESCRIPCIÓN FÍSICA
Paginación volúmenes :
Otros detalles físicos Ilustraciones, tablas ;
Dimensión 21 cm.
520 3# - NOTA DE RESUMEN, ETC.
Resumen, etc. Abarca entre otros temas: Instrucción, manejo y mantenimiento de herramientas, fabricación de cerrajería y estructuras metálicas para construcción, fabricación de herramientas manuales agrícolas y de construcción civil, carpintería en aluminio, instrucción manejo y mantenimiento del taller
650 10 - ASIENTO SECUNDARIO DE MATERIA - TERMINO TEMÁTICO
Término de tema o elemento de entrada de nombre geográfico Construcciones metálicas
9 (RLIN) 341
650 20 - ASIENTO SECUNDARIO DE MATERIA - TERMINO TEMÁTICO
Término de tema o elemento de entrada de nombre geográfico Acero
9 (RLIN) 444
650 20 - ASIENTO SECUNDARIO DE MATERIA - TERMINO TEMÁTICO
Término de tema o elemento de entrada de nombre geográfico Pinturas (Pigmentos)
9 (RLIN) 445
650 20 - ASIENTO SECUNDARIO DE MATERIA - TERMINO TEMÁTICO
Término de tema o elemento de entrada de nombre geográfico Plásticos
9 (RLIN) 313
650 20 - ASIENTO SECUNDARIO DE MATERIA - TERMINO TEMÁTICO
Término de tema o elemento de entrada de nombre geográfico Edificaciones
9 (RLIN) 333
910 ## - RESPONSABLE DEL REGISTRO
Coordinador de procesamiento de la información hfp
942 ## - ELEMENTOS DE KOHA
Fuente de clasificación o esquema de estanterías Dewey Decimal Classification
Tipo de documento Libros
999 ## -
-- 9763
-- 9763
Existencias
Estado Retiro Estado Perdido Sistema de Clasificación o Esquema de Estantería Estado Dañado No es para préstamo Ubicación Permanente Ubicación Actual Fecha de adquisición Total Checkouts Signatura topográfica completa Código de Barras Date last seen Precio efectivo desde Tipo de ítem
    Dewey Decimal Classification     Biblioteca Arequipa Biblioteca Arequipa 13/11/2025   R/624.182/U16 BibZareq25112524 13/11/2025 13/11/2025 Referencia